000 00612nam a2200229Ia 4500
003 OSt
005 20220924152004.0
006 a|||||r|||| 00| 0
007 ta
008 220923b |||||||| |||| 00| 0 mar d
024 _a340267
037 _cTextual
040 _aARTS
_cARTS
_bmar
041 _2mar
_amar
082 _aO155,2N021,14, K1
100 _aShukal Sadashiv Anant
_9225511
245 0 _aChandrawar madhuchandra
260 _c1961
650 _aMARATHI LITERATURE
_938000
942 _hO155,2N021,14, K1
_cTEXL
_2CC
999 _c468326
_d468326